ბათუმის შოთა რუსთაველის სახელმწიფო უნივერსიტეტის ბიბლიოთეკა

Рим и его враги : (ბიბ.ჩანაწერი № 60998)

000 -LEADER
fixed length control field 00793nam a22001937a 4500
005 - DATE AND TIME OF LATEST TRANSACTION
control field 20231205122120.0
008 - FIXED-LENGTH DATA ELEMENTS--GENERAL INFORMATION
fixed length control field 231205s2008 ru ||||| |||| 00| 0 rus d
041 ## - LANGUAGE CODE
Language code of text/sound track or separate title rus
080 ## - UNIVERSAL DECIMAL CLASSIFICATION NUMBER
Universal Decimal Classification number 94(37) П-25
100 ## - MAIN ENTRY--PERSONAL NAME
Personal name Пенроз, Джейн
9 (RLIN) 20584
245 ## - TITLE STATEMENT
Title Рим и его враги :
Remainder of title Карфагеняне, греки и варвары /
Statement of responsibility, etc. Джейн Пенроз; Пер. с англ. О. Шемелевой.
264 ## - PRODUCTION, PUBLICATION, DISTRIBUTION, MANUFACTURE, AND COPYRIGHT NOTICE
Place of production, publication, distribution, manufacture Москва:
Name of producer, publisher, distributor, manufacturer Эксмо,
Date of production, publication, distribution, manufacture, or copyright notice 2008.
300 ## - PHYSICAL DESCRIPTION
Extent 295 с.:
Other physical details ил.;
Dimensions 27 см.
653 ## - INDEX TERM--UNCONTROLLED
keyword რომი
653 ## - INDEX TERM--UNCONTROLLED
keyword ისტორია
653 ## - INDEX TERM--UNCONTROLLED
keyword კართაგენელები, ბერძნები და ბარბაროსები
700 ## - ADDED ENTRY--PERSONAL NAME
Personal name Шемелева, О.
Relator term მთარგმნელი
9 (RLIN) 20585
942 ## - ADDED ENTRY ELEMENTS (KOHA)
Source of classification or shelving scheme
Koha item type წიგნი
ეგზემპლარები
Withdrawn status Lost status Source of classification or shelving scheme Damaged status Not for loan Permanent Location Current Location Shelving location Date acquired Cost, normal purchase price Full call number Barcode Date last seen Copy number Uniform Resource Identifier Price effective from Koha item type Public note
          ბათუმის შოთა რუსთაველის სახელმწიფო უნივერსიტეტის მთავარი ბიბლიოთეკა ბათუმის შოთა რუსთაველის სახელმწიფო უნივერსიტეტის მთავარი ბიბლიოთეკა წიგნსაცავი 2023-12-05 15.00 94(37) П-25 65510 2023-12-05 65510 ბსუ-ს საპატიო დოქტორის გურამ ლორთქიფანიძის საჩუქარი 2023-12-05 წიგნი 15 ლ.